00746nam a2200217Ia 4500008004100000020001800041040001800059041000800077060001200085100002300097245010700120260006800227300004000295504005300335650002100388650002900409650001800438650001500456650002800471650002900499130821s2010 xxua gr eng  a9780470744604 aCo-BoUCMbspa00aeng aQU 26.51 aAzuaje, Francisco.10aBioinformatics and biomarker discovery omic data analysis for personalized medicinecFrancisco Azuaje aHoboken (Nueva Jersey, Estados Unidos)bJohn Wiley & Sonsc2010 axviii, 230 páginasbilustraciones aIncluye referencias bibliográficas e índice.04aBioinformática04aBiología computacional04aEstadística04aGenética04aMarcadores biológicos04aMarcadores bioquímicos